Maternología profiláctica (Record no. 45117)

MARC details
000 -LEADER
campo de control de longitud fija 00582nam a2200169 i 4500
001 - NÚMERO DE CONTROL
campo de control 45117
003 - IDENTIFICADOR DE NÚMERO DE CONTROL
campo de control ES-MaACL
005 - FECHA Y HORA DE LA ÚLTIMA TRANSACCIÓN
campo de control 20230906161146.0
007 - CAMPO FIJO DE DESCRIPCIÓN FÍSICA--INFORMACIÓN GENERAL
campo de control de longitud fija t|
008 - DATOS DE LONGITUD FIJA--INFORMACIÓN GENERAL
campo de control de longitud fija 030325s1943 sp ||||1| spa d
100 1# - ENTRADA PRINCIPAL--NOMBRE DE PERSONA
Nombre de persona Clavero Núñez, A. (
Fechas asociadas al nombre 1903-1962)
9 (RLIN) 39135
245 10 - MENCIÓN DEL TÍTULO
Título Maternología profiláctica
Resto del título : escritos médicos-sociales en torno a la función generativa /
Mención de responsabilidad, etc. por A. Clavero Núñez.
260 ## - PUBLICACIÓN, DISTRIBUCIÓN, ETC.
Lugar de publicación, distribución, etc. Madrid :
Nombre del editor, distribuidor, etc. Editoria Nacional,
Fecha de publicación, distribución, etc. [1943] (
Fabricante Gráficas Yagües)
300 ## - DESCRIPCIÓN FÍSICA
Extensión 461 p. ;
Dimensiones 22 cm.
852 ## - LOCALIZACIÓN
Ubicación ES-MaACL
Número de control de estantería E-1832
Sublocalización o colección R.22849
852 ## - LOCALIZACIÓN
Ubicación ES-MaACL
Número de control de estantería E-2115
Sublocalización o colección R.23239
Holdings
Estatus retirado Estado de pérdida Estado de daño No para préstamo Biblioteca de origen Biblioteca actual Ubicación en estantería Fecha de adquisición Fuente de adquisición Total de préstamos Signatura topográfica completa Código de barras Visto por última vez Precio de reemplazo Tipo de ítem Koha
        Biblioteca del Ateneo de Madrid Biblioteca del Ateneo de Madrid Depósito 2 17/01/2008     E-2115 1047481 23/02/2023 23/02/2023 Libro impreso
        Biblioteca del Ateneo de Madrid Biblioteca del Ateneo de Madrid Depósito 2 17/01/2008     E-1832 1047480 23/02/2023 23/02/2023 Libro impreso